Statistiche per Top 10 Città più popolose Provincia di Chieti

Clicka qui per fare il quiz!

Statistiche generali

  • Questo quiz è stato fatto 4 volte
  • Il punteggio medio è 7 su 10

Statistiche sulle risposte

Popolazione (ab.)Città% Corretto
50 709Chieti
100%
25 870Francavilla al Mare
100%
34 846Lanciano
100%
22 980Ortona
100%
41 516Vasto
100%
10 597Atessa
75%
8 878Guardiagrele
75%
20 185San Salvo
50%
14 444San Giovanni Teatino
25%
6 382Casalbordino
0%

Distribuzione punteggi

Percentile per numero di risposta

Percentuale di utenti per punteggio

I tuoi punteggi nel tempo

Non hai fatto questo quiz